000 00267nam a2200121Ia 4500
008 241002s9999 xx 000 0 und d
082 _a951.9042 CAR
100 _aCarew,Tim
245 4 _aThe Korean War
260 _aLondon:
_c1967
600 _aHistory
942 _cUC
999 _c18583
_d18583